[Event "CAN-ch w"]
[Site "Toronto CAN"]
[Date "2025.04.21"]
[Round "7.10"]
[White "Yancey, Alice"]
[Black "Kucherenko, Olena"]
[Result "1/2-1/2"]
[WhiteElo "1690"]
[BlackElo "2049"]
[WhiteFideId "-1"]
[WhiteFideId "-1"]
[PlyCount "38"]
[GameId "2171953089919837"]
[EventDate "2025.04.17"]
[EventType "swiss"]
[EventRounds "9"]
[EventCountry "CAN"]

1. e4 c5 2. Nf3 d6 3. d4 cxd4 4. Nxd4 Nf6 5. Nc3 g6 6. Be3 Bg7 7. f3 O-O 8. Qd2 Nc6 9. O-O-O d5 10. exd5 Nxd5 11. Nxc6 bxc6 12. Bd4 e5 13. Bc5 Re8 14. Ne4 Be6 15. c4 Qc7 16. Bd6 Qb6 17. Bc5 Qc7 18. Bd6 Qb6 19. Bc5 Qc7 1/2-1/2

[Event "CAN-ch w"]
[Site "Toronto CAN"]
[Date "2025.04.21"]
[Round "7.11"]
[White "Zhou, Lily"]
[Black "Poorna Prakash, Roshini"]
[Result "1-0"]
[WhiteElo "1765"]
[BlackElo "1748"]
[WhiteFideId "-1"]
[WhiteFideId "-1"]
[PlyCount "129"]
[GameId "2171954974338735"]
[EventDate "2025.04.17"]
[EventType "swiss"]
[EventRounds "9"]
[EventCountry "CAN"]

1. d4 Nf6 2. Nf3 e6 3. Nbd2 c5 4. e3 cxd4 5. exd4 d5 6. Bd3 Nc6 7. c3 Bd6 8. Qe2 Qc7 9. O-O O-O 10. Re1 a6 11. Ne5 b5 12. a3 Na5 13. f4 Bb7 14. Qf2 Nc4 15. Qh4 Nxd2 16. Bxd2 Bxe5 17. fxe5 Ne4 18. Re3 Qd8 19. Qh3 g6 20. Bxe4 dxe4 21. Rg3 f5 22. Bg5 Qe8 23. Rf1 Ra7 24. Bf6 Bd5 25. Qh6 Qf7 26. h4 Qe8 27. h5 Rxf6 28. exf6 Qf8 29. Qxf8+ Kxf8 30. hxg6 hxg6 31. Rxg6 Rh7 32. Kf2 Kf7 33. Rg7+ Rxg7 34. fxg7 Kxg7 35. Ke3 Kf6 36. g3 Bb3 37. Kf4 a5 38. Rh1 Kg6 39. Rh8 Kg7 40. Ra8 a4 41. Rb8 Bc4 42. g4 fxg4 43. Kxe4 Kf7 44. Kf4 Be2 45. Rb6 Ke7 46. Ke3 Bf1 47. Kf4 Be2 48. Ra6 Kf7 49. Rb6 Ke7 50. Rc6 Kd7 51. Rc5 Kd6 52. Re5 Bf1 53. Kxg4 Bc4 54. Rc5 Bd3 55. Kf4 Bf1 56. Kg5 Be2 57. Kf6 Bd3 58. Re5 Bc4 59. Re1 Bd5 60. Rg1 Bc4 61. Kg5 Bd5 62. Kf6 Kd7 63. Ke5 Kc7 64. Rg7+ Kc6 65. Re7 1-0

[Event "CAN-ch w"]
[Site "Toronto CAN"]
[Date "2025.04.21"]
[Round "7.12"]
[White "Butenko, Zlata"]
[Black "Guan, Marie"]
[Result "0-1"]
[WhiteElo "1764"]
[BlackElo "1549"]
[WhiteFideId "-1"]
[WhiteFideId "-1"]
[PlyCount "88"]
[GameId "2171965619429053"]
[EventDate "2025.04.17"]
[EventType "swiss"]
[EventRounds "9"]
[EventCountry "CAN"]

1. e4 e5 2. Nf3 Nc6 3. Bc4 Nf6 4. d3 Bc5 5. c3 d6 6. Nbd2 O-O 7. O-O d5 8. exd5 Nxd5 9. Re1 Bg4 10. h3 Bh5 11. Ne4 Bb6 12. Ng3 Bg6 13. Bg5 f6 14. Bd2 Kh8 15. a4 a5 16. Bb5 Nde7 17. Qe2 h6 18. Nh4 Bh7 19. Rad1 Qb8 20. Bxc6 bxc6 21. Bc1 Ba7 22. Qf3 Qb3 23. Ngf5 Nxf5 24. Nxf5 Bxf5 25. Qxf5 Qxa4 26. Qh5 Qc2 27. Rd2 Qb3 28. c4 Qb8 29. Re4 Qe8 30. Qf5 Qc8 31. Qf3 Bd4 32. Rg4 Qd7 33. Re2 a4 34. Rh4 Kh7 35. Rh5 f5 36. g4 fxg4 37. Qe4+ Kg8 38. hxg4 Rf4 39. Bxf4 Qxg4+ 40. Bg3 Qxh5 41. Qxc6 Qxe2 42. Qxa8+ Kh7 43. Qxa4 Qxd3 44. Qc6 Qxg3+ 0-1

[Event "CAN-ch w"]
[Site "Toronto CAN"]
[Date "2025.04.21"]
[Round "7.13"]
[White "Roque, Alexa"]
[Black "Cloutier, Annabelle"]
[Result "1-0"]
[WhiteElo "1610"]
[BlackElo "1401"]
[WhiteFideId "-1"]
[WhiteFideId "-1"]
[PlyCount "91"]
[GameId "2171990846602952"]
[EventDate "2025.04.17"]
[EventType "swiss"]
[EventRounds "9"]
[EventCountry "CAN"]

1. d4 Nf6 2. c4 e6 3. Nf3 b6 4. Nc3 Bb4 5. Bg5 Bb7 6. e3 O-O 7. Be2 h6 8. Bh4 d5 9. cxd5 exd5 10. Qc2 c5 11. a3 Bxc3+ 12. bxc3 Nc6 13. Ne5 Qd6 14. Bxf6 gxf6 15. Ng4 Kg7 16. h4 Bc8 17. Nh2 f5 18. f4 Re8 19. Nf1 Qg6 20. Rg1 h5 21. Rd1 cxd4 22. cxd4 Bd7 23. Bf3 Rac8 24. Qe2 Rh8 25. Bxd5 Qd6 26. Bf3 Qxa3 27. Bxh5 Qb4+ 28. Kf2 Ne7 29. g4 Bb5 30. Qa2 Bc4 31. Qd2 Qxd2+ 32. Rxd2 fxg4 33. Bxg4 Rc7 34. d5 Rxh4 35. d6 Bxf1 36. dxc7 Rh2+ 37. Ke1 Rxd2 38. Kxd2 Ba6 39. c8=Q Bxc8 40. Bxc8+ Kf6 41. Ba6 Nf5 42. Kd3 Nd6 43. e4 Ke7 44. e5 Nf5 45. Ke4 Ke6 46. Bc8+ 1-0

[Event "CAN-ch w"]
[Site "Toronto CAN"]
[Date "2025.04.21"]
[Round "7.14"]
[White "Auger, Anastasia"]
[Black "Chen, Shuang"]
[Result "0-1"]
[WhiteElo "1618"]
[BlackElo "1723"]
[WhiteFideId "-1"]
[WhiteFideId "-1"]
[PlyCount "64"]
[GameId "2171993488756435"]
[EventDate "2025.04.17"]
[EventType "swiss"]
[EventRounds "9"]
[EventCountry "CAN"]

1. e4 c5 2. Nc3 Nc6 3. f4 g6 4. Nf3 Bg7 5. Bc4 e6 6. d3 Nge7 7. O-O O-O 8. Qe1 a6 9. a4 d5 10. Bb3 Nb4 11. Qf2 b6 12. Kh1 Bb7 13. Ne5 Qc7 14. Ba2 Nc8 15. Bb1 Nd6 16. exd5 exd5 17. Ne2 d4 18. c3 dxc3 19. bxc3 Nd5 20. Bd2 Nf5 21. d4 Nde7 22. Kg1 Rad8 23. g4 Nh6 24. f5 f6 25. Bxh6 Bxh6 26. Nf3 Nd5 27. Qh4 Be3+ 28. Kg2 Bf4 29. Nxf4 Ne3+ 30. Kf2 Qxf4 31. Re1 Qxf3+ 32. Kg1 Qg2# 0-1

[Event "CAN-ch w"]
[Site "Toronto CAN"]
[Date "2025.04.21"]
[Round "7.15"]
[White "Wangluo, Joanne"]
[Black "Xiao, Stephanie"]
[Result "0-1"]
[WhiteElo "1541"]
[BlackElo "1405"]
[WhiteFideId "-1"]
[WhiteFideId "-1"]
[PlyCount "106"]
[GameId "2171994639109851"]
[EventDate "2025.04.17"]
[EventType "swiss"]
[EventRounds "9"]
[EventCountry "CAN"]

1. d4 d5 2. c4 e6 3. Nc3 Nf6 4. cxd5 exd5 5. Bg5 Be7 6. e3 c6 7. Bd3 h6 8. Bh4 O-O 9. Nge2 Be6 10. O-O Nbd7 11. Qc2 Qc7 12. Rac1 a6 13. h3 Bd6 14. f4 c5 15. f5 c4 16. fxe6 cxd3 17. exf7+ Rxf7 18. Qxd3 Qc6 19. Bxf6 Nxf6 20. Qg6 Raf8 21. Ne4 Nxe4 22. Qh5 Rxf1+ 23. Rxf1 Bh2+ 24. Kxh2 Rxf1 25. Nf4 Nf6 26. Qe5 Rf2 27. Qb8+ Kh7 28. Qe5 Qe8 29. Nd3 Qxe5+ 30. dxe5 Rd2 31. exf6 gxf6 32. Nb4 Rxb2 33. Nxd5 Rxa2 34. Nxf6+ Kg6 35. Ng4 b5 36. Ne5+ Kf5 37. Nc6 a5 38. Nd4+ Ke4 39. Nxb5 Kxe3 40. h4 h5 41. Kh3 Ra4 42. g3 Kf3 43. Na7 Rg4 44. Nc6 Rxg3+ 45. Kh2 Rg2+ 46. Kh3 a4 47. Ne5+ Kf2 48. Nd3+ Kf1 49. Nb4 a3 50. Nd5 a2 51. Ne3+ Kf2 52. Nc2 Rg1 53. Nb4 Rh1# 0-1

[Event "CAN-ch w"]
[Site "Toronto CAN"]
[Date "2025.04.21"]
[Round "7.16"]
[White "Yuan, Arianna"]
[Black "Fu, Ashley"]
[Result "0-1"]
[WhiteElo "1421"]
[BlackElo "1535"]
[WhiteFideId "-1"]
[WhiteFideId "-1"]
[PlyCount "76"]
[GameId "2172007654465251"]
[EventDate "2025.04.17"]
[EventType "swiss"]
[EventRounds "9"]
[EventCountry "CAN"]

1. d4 d5 2. Bf4 Bf5 3. Nf3 Nf6 4. e3 e6 5. c3 c5 6. Ne5 Nbd7 7. Qa4 a6 8. Qd1 Be7 9. Be2 O-O 10. Nd2 Nxe5 11. Bxe5 Bd6 12. Bg3 Re8 13. Nf3 Be7 14. h3 Nd7 15. O-O Nb6 16. b3 Rc8 17. Rc1 Bg6 18. a4 cxd4 19. exd4 Ba3 20. Ra1 Bb2 21. Ra2 Bxc3 22. Ne5 Nd7 23. Nxg6 hxg6 24. Rc2 Rc6 25. b4 Bxb4 26. Rxc6 bxc6 27. Bxa6 Qb6 28. Be2 Bc3 29. Qc2 Bxd4 30. Rb1 Qc5 31. Qd1 Nf6 32. Rc1 Qb6 33. a5 Qa7 34. Rxc6 Ne4 35. Rc7 Bxf2+ 36. Bxf2 Qxf2+ 37. Kh2 Qg3+ 38. Kg1 Qxc7 0-1

[Event "CAN-ch w"]
[Site "Toronto CAN"]
[Date "2025.04.21"]
[Round "7.17"]
[White "Dolderman, Clara"]
[Black "Li, Alyssa"]
[Result "0-1"]
[WhiteElo "1474"]
[BlackElo "1464"]
[WhiteFideId "-1"]
[WhiteFideId "-1"]
[PlyCount "154"]
[GameId "2172009416056555"]
[EventDate "2025.04.17"]
[EventType "swiss"]
[EventRounds "9"]
[EventCountry "CAN"]

1. c4 d6 2. g3 Nf6 3. Bg2 g6 4. Nc3 Bg7 5. d3 e5 6. e4 O-O 7. Nge2 Nbd7 8. b4 a5 9. Rb1 axb4 10. Rxb4 Nc5 11. O-O Nfd7 12. Be3 Nb6 13. Qd2 Nba4 14. Bh6 Nxc3 15. Nxc3 Qd7 16. Bxg7 Kxg7 17. h3 Na4 18. Nd5 b6 19. f4 Bb7 20. f5 f6 21. fxg6 hxg6 22. g4 Bxd5 23. cxd5 g5 24. Rf3 Nc5 25. Rb1 Rh8 26. Rbf1 Rh6 27. Rf5 Ra4 28. R1f3 Qe7 29. Rf2 Rd4 30. Qc2 Rxd3 31. R5f3 Rxf3 32. Rxf3 Qd8 33. Ra3 Rh8 34. Bf1 Qb8 35. Bb5 Qf8 36. Bc6 Qf7 37. Kg2 Qg6 38. Ra7 Rc8 39. Bd7 Nxd7 40. Rxc7 Rxc7 41. Qxc7 Qxe4+ 42. Kf2 Qd4+ 43. Ke2 Qb2+ 44. Kf3 Qb5 45. Qc6 Qf1+ 46. Ke3 Qf4+ 47. Ke2 Nc5 48. Qc7+ Kg6 49. Qxb6 Qe4+ 50. Kf1 Qxd5 51. Qb1+ Qd3+ 52. Qxd3+ Nxd3 53. Ke2 e4 54. a4 Kf7 55. a5 Nc5 56. Ke3 d5 57. Kd4 Na6 58. Ke3 Ke6 59. Kd4 Kd6 60. Ke3 Kc5 61. Kd2 Kb5 62. Ke3 Kxa5 63. Kd4 Kb4 64. Ke3 Kc3 65. Ke2 d4 66. Kd1 d3 67. Kc1 d2+ 68. Kd1 Nc7 69. Ke2 Kc2 70. Ke3 d1=Q 71. Kxe4 Qd5+ 72. Ke3 Qd3+ 73. Kf2 Kd2 74. Kg2 Qe3 75. Kf1 Qe2+ 76. Kg1 Ke3 77. h4 Kf3 0-1

[Event "CAN-ch w"]
[Site "Toronto CAN"]
[Date "2025.04.21"]
[Round "7.18"]
[White "Hitchlock, Veronica"]
[Black "Guan, Isabelle"]
[Result "0-1"]
[WhiteElo "1644"]
[BlackElo "1454"]
[WhiteFideId "-1"]
[WhiteFideId "-1"]
[PlyCount "144"]
[GameId "2172064492080886"]
[EventDate "2025.04.17"]
[EventType "swiss"]
[EventRounds "9"]
[EventCountry "CAN"]

1. c4 Nf6 2. g3 e6 3. Nc3 Bb4 4. Bg2 d6 5. Qa4+ Nc6 6. Bxc6+ bxc6 7. Qxb4 O-O 8. Nf3 c5 9. Qa4 Bb7 10. O-O Qe7 11. Qc2 Qd7 12. d3 h6 13. b3 e5 14. Nd5 Nxd5 15. cxd5 Bxd5 16. e4 Bb7 17. Be3 Qh3 18. Ne1 f5 19. f3 f4 20. gxf4 exf4 21. Bc1 Rf6 22. Rf2 Re8 23. Bb2 Rg6+ 24. Rg2 Ree6 25. Rd1 Qh5 26. Rdd2 Bc8 27. Qc4 Kh7 28. e5 Qh4 29. Rde2 Bb7 30. Qc2 Rxg2+ 31. Nxg2 Rg6 32. Qb1 Bxf3 33. Rf2 Qh3 34. Qf1 Bd5 35. Kh1 Rg5 36. Bc1 dxe5 37. Bd2 Rg6 38. Ba5 c6 39. Bc7 Rg5 40. Bd6 Rh5 41. Qg1 Rg5 42. Qf1 Rh5 43. Qg1 Qxd3 44. Be7 Qh3 45. Qb1+ Kg8 46. Qg1 Kh8 47. Bxc5 Rg5 48. Qf1 Kg8 49. Bxa7 Qd7 50. Bc5 Qh3 51. b4 Rh5 52. Qg1 Bf3 53. Rd2 e4 54. a4 e3 55. Rd8+ Kh7 56. Rf8 Qe6 57. Qb1+ g6 58. Rxf4 Bxg2+ 59. Kxg2 Qh3+ 60. Kg1 Qxh2+ 61. Kf1 Qh1+ 62. Ke2 Qxb1 63. Rf7+ Kg8 64. Rf8+ Kg7 65. Rf4 Rh2+ 66. Kxe3 Qb3+ 67. Ke4 Re2+ 68. Kd4 Qe3+ 69. Kc4 Qxf4+ 70. Kd3 Qe4+ 71. Kc3 Qc2+ 72. Kd4 Re4# 0-1

[Event "CAN-ch w"]
[Site "Toronto CAN"]
[Date "2025.04.21"]
[Round "7.19"]
[White "Sreekumar, Gayathri"]
[Black "Abbarin, Shabnam"]
[Result "0-1"]
[WhiteElo "1485"]
[BlackElo "1579"]
[WhiteFideId "-1"]
[WhiteFideId "-1"]
[PlyCount "64"]
[GameId "2172088824471303"]
[EventDate "2025.04.17"]
[EventType "swiss"]
[EventRounds "9"]
[EventCountry "CAN"]

1. d4 Nf6 2. c4 e6 3. g3 d5 4. Bg2 c6 5. Nf3 Nbd7 6. Nbd2 Be7 7. O-O O-O 8. Qc2 Qc7 9. b3 e5 10. dxe5 Nxe5 11. Bb2 Nxf3+ 12. Bxf3 dxc4 13. Nxc4 Be6 14. Be5 Qc8 15. Nd6 Bxd6 16. Bxd6 Re8 17. Rfd1 Bd5 18. Bxd5 Nxd5 19. Qb2 Qe6 20. Bc5 Qxe2 21. Rd2 Qg4 22. Rd4 Qf3 23. Rad1 Re2 24. R4d2 Rae8 25. Qc1 b6 26. Rxe2 Rxe2 27. Be3 h5 28. Qxc6 Rxe3 29. Qc8+ Kh7 30. Qc2+ g6 31. fxe3 Nxe3 32. Qd3 Qg2# 0-1

[Event "CAN-ch w"]
[Site "Toronto CAN"]
[Date "2025.04.21"]
[Round "7.20"]
[White "Yeung, Marissa"]
[Black "Kamath, Nikita"]
[Result "0-1"]
[WhiteElo "1413"]
[BlackElo "1607"]
[WhiteFideId "-1"]
[WhiteFideId "-1"]
[PlyCount "60"]
[GameId "2172090279735055"]
[EventDate "2025.04.17"]
[EventType "swiss"]
[EventRounds "9"]
[EventCountry "CAN"]

1. e4 c6 2. d4 d5 3. e5 c5 4. c3 Nc6 5. Nf3 Bg4 6. Be2 e6 7. O-O Qb6 8. b3 Bxf3 9. Bxf3 cxd4 10. cxd4 Qxd4 11. Qxd4 Nxd4 12. Bg4 Nc2 13. Bb2 Nxa1 14. Bxa1 Bc5 15. Rd1 Ne7 16. Bd4 Bxd4 17. Rxd4 Nc6 18. Rd1 Nxe5 19. Bh3 O-O 20. Nc3 a6 21. f4 Nc6 22. f5 d4 23. Ne2 e5 24. Kh1 Rad8 25. Ng1 e4 26. g3 d3 27. Bg4 Ne5 28. h3 Nxg4 29. hxg4 e3 30. Nf3 d2 0-1

[Event "CAN-ch w"]
[Site "Toronto CAN"]
[Date "2025.04.21"]
[Round "7.21"]
[White "Malaviya, Bhakti"]
[Black "Divadalage, Sanya"]
[Result "1-0"]
[WhiteElo "1486"]
[BlackElo "1424"]
[WhiteFideId "-1"]
[WhiteFideId "-1"]
[PlyCount "95"]
[GameId "2172091712990999"]
[EventDate "2025.04.17"]
[EventType "swiss"]
[EventRounds "9"]
[EventCountry "CAN"]

1. e4 c5 2. Nf3 e6 3. d4 cxd4 4. Nxd4 a6 5. Nc3 Qc7 6. a3 Nf6 7. Bd3 b6 8. Bg5 Be7 9. Qd2 Bb7 10. f4 d6 11. O-O-O Nbd7 12. Nf3 Nc5 13. e5 dxe5 14. Nxe5 Nfe4 15. Bxe4 Nxe4 16. Nxe4 Bxe4 17. Bxe7 Qxe7 18. Qe3 Bd5 19. Qxb6 O-O 20. Rhg1 Rfb8 21. Qe3 Qb7 22. Nd3 Bc4 23. Qd4 Qb5 24. Ne5 Ba2 25. Rd3 f6 26. Nf3 Rb7 27. b3 Rc8 28. Kb2 Qa5 29. Qe4 Rb6 30. Rgd1 Rbc6 31. Rd8+ Rxd8 32. Rxd8+ Qxd8 33. Qxc6 Bxb3 34. cxb3 Kf7 35. Qxa6 Qd1 36. Qb7+ Kg6 37. Nh4+ Kh5 38. Qf3+ Qxf3 39. Nxf3 Kg4 40. a4 Kxf4 41. a5 e5 42. a6 e4 43. Nd2 e3 44. Nf3 g5 45. a7 e2 46. a8=Q g4 47. Qa4+ Ke3 48. Qd4# 1-0

[Event "CAN-ch w"]
[Site "Toronto CAN"]
[Date "2025.04.21"]
[Round "8.1"]
[White "Demchenko, Svitlana"]
[Black "Mills, Morgen"]
[Result "1-0"]
[WhiteElo "2130"]
[BlackElo "2013"]
[WhiteFideId "-1"]
[WhiteFideId "-1"]
[PlyCount "85"]
[GameId "2170886505821691"]
[EventDate "2025.04.17"]
[EventType "swiss"]
[EventRounds "9"]
[EventCountry "CAN"]

1. d4 d5 2. Nf3 Nf6 3. c3 g6 4. Bf4 Bg7 5. e3 O-O 6. h3 Nbd7 7. Nbd2 c5 8. Be2 b6 9. Ne5 Bb7 10. h4 Ne4 11. Nxd7 Qxd7 12. Nxe4 dxe4 13. dxc5 Qxd1+ 14. Rxd1 e5 15. Bg3 bxc5 16. Bc4 Rfd8 17. Ke2 Kf8 18. h5 h6 19. f4 exf3+ 20. gxf3 Ke7 21. e4 Kf6 22. Ke3 Rac8 23. f4 exf4+ 24. Bxf4 gxh5 25. Bd6 Rxd6 26. Rxd6+ Ke7 27. Rdd1 Bf6 28. Bd5 Bg5+ 29. Kf3 Ba6 30. Rxh5 Rf8 31. Bc6 f5 32. e5 Bc4 33. Rhh1 Bxa2 34. Bd5 Bxd5+ 35. Rxd5 Rc8 36. Ra1 Ke6 37. c4 Rc7 38. Ra6+ Ke7 39. e6 Rb7 40. Rxf5 Bf6 41. Rxc5 Rb3+ 42. Ke4 Rxb2 43. Rc7+ 1-0

[Event "CAN-ch w"]
[Site "Toronto CAN"]
[Date "2025.04.21"]
[Round "8.2"]
[White "Qiao, Cindy"]
[Black "Qian, Ashley"]
[Result "0-1"]
[WhiteElo "1896"]
[BlackElo "1943"]
[WhiteFideId "-1"]
[WhiteFideId "-1"]
[PlyCount "56"]
[GameId "2170886505821692"]
[EventDate "2025.04.17"]
[EventType "swiss"]
[EventRounds "9"]
[EventCountry "CAN"]

1. e4 c5 2. Nc3 d6 3. d4 cxd4 4. Qxd4 Nc6 5. Qd2 Nf6 6. b3 e6 7. Bb2 Be7 8. O-O-O O-O 9. f4 a6 10. Nf3 Qc7 11. h3 b5 12. Qe3 Nd7 13. g4 Nc5 14. h4 b4 15. Ne2 a5 16. Ned4 a4 17. h5 axb3 18. axb3 Nxd4 19. Nxd4 Ra2 20. g5 Bb7 21. Bd3 Qa5 22. Nb5 Bc6 23. Bxg7 Kxg7 24. h6+ Kg8 25. Qd4 e5 26. fxe5 Bxg5+ 27. Kb1 Ra8 28. Na3 Qxa3 0-1

[Event "CAN-ch w"]
[Site "Toronto CAN"]
[Date "2025.04.21"]
[Round "8.3"]
[White "Dela Torre, Marife"]
[Black "Li, Yunshan"]
[Result "0-1"]
[WhiteElo "1789"]
[BlackElo "2233"]
[WhiteFideId "-1"]
[WhiteFideId "-1"]
[PlyCount "90"]
[GameId "2170886505821693"]
[EventDate "2025.04.17"]
[EventType "swiss"]
[EventRounds "9"]
[EventCountry "CAN"]

1. d4 d5 2. Bf4 Nf6 3. e3 c5 4. c3 Qb6 5. Qb3 c4 6. Qc2 g6 7. Nd2 Bf5 8. Qc1 Nbd7 9. h3 Bg7 10. Ngf3 O-O 11. Be2 Qc6 12. O-O b5 13. Bd1 a5 14. Re1 h6 15. Bh2 Ne8 16. Bc2 Nd6 17. Bxd6 Qxd6 18. e4 dxe4 19. Bxe4 Bxe4 20. Nxe4 Qd5 21. Ng3 e6 22. Nf1 Qd6 23. Qe3 Nb6 24. Ne5 Rac8 25. h4 b4 26. h5 Nd5 27. Qc1 g5 28. g3 Rc7 29. Nd2 Qa6 30. Ne4 Rb8 31. Re2 a4 32. a3 bxc3 33. bxc3 Qa5 34. Nd6 Bxe5 35. dxe5 Nxc3 36. Rc2 Qxe5 37. Rxc3 Qxd6 38. Rxc4 Rbc8 39. Rxc7 Rxc7 40. Qb2 Kh7 41. Qf6 Qd5 42. Rb1 Qe4 43. Rd1 Qg4 44. Rd8 Rc1+ 45. Kh2 Qxh5+ 0-1

[Event "CAN-ch w"]
[Site "Toronto CAN"]
[Date "2025.04.21"]
[Round "8.4"]
[White "Deepak, Laksshana"]
[Black "Zhang, Michelle"]
[Result "1/2-1/2"]
[WhiteElo "1854"]
[BlackElo "1793"]
[WhiteFideId "-1"]
[WhiteFideId "-1"]
[PlyCount "61"]
[GameId "2170886505821694"]
[EventDate "2025.04.17"]
[EventType "swiss"]
[EventRounds "9"]
[EventCountry "CAN"]

1. d4 d5 2. Nf3 Nf6 3. Bf4 c5 4. e3 cxd4 5. exd4 Nc6 6. c3 Bf5 7. Bd3 Bxd3 8. Qxd3 e6 9. Nbd2 Bd6 10. Bxd6 Qxd6 11. O-O O-O 12. Rae1 Rae8 13. Ne5 Nd7 14. f4 f6 15. Nxd7 Qxd7 16. Rf2 Qd6 17. Rfe2 Qxf4 18. Rxe6 Ne5 19. dxe5 Rxe6 20. Qxd5 Rfe8 21. g3 Qa4 22. exf6 Qc6 23. Rxe6 Qxd5 24. Rxe8+ Kf7 25. Re2 gxf6 26. Nb3 Qd3 27. Kf2 Qf5+ 28. Kg2 Qd5+ 29. Kg1 Qf5 30. Kg2 Qd5+ 31. Kg1 1/2-1/2

[Event "CAN-ch w"]
[Site "Toronto CAN"]
[Date "2025.04.21"]
[Round "8.5"]
[White "Golubeva, Oksana"]
[Black "Xie, Irene"]
[Result "1-0"]
[WhiteElo "2132"]
[BlackElo "1949"]
[WhiteFideId "-1"]
[WhiteFideId "-1"]
[PlyCount "53"]
[GameId "2170886505829887"]
[EventDate "2025.04.17"]
[EventType "swiss"]
[EventRounds "9"]
[EventCountry "CAN"]

1. d4 d5 2. c4 e6 3. Nf3 Nf6 4. Bg5 Be7 5. e3 O-O 6. Qc2 Nbd7 7. Nc3 b6 8. O-O-O Bb7 9. h4 c6 10. Bd3 dxc4 11. Bxc4 Nd5 12. e4 Nxc3 13. Qxc3 b5 14. Bb3 a5 15. e5 Re8 16. Bc2 Nf8 17. Qd3 h6 18. Bxh6 gxh6 19. Qe3 Kg7 20. Rh3 f5 21. exf6+ Bxf6 22. Rg3+ Kf7 23. Ne5+ Ke7 24. Qxh6 Qc7 25. Rf3 Bxe5 26. dxe5 Nd7 27. Qg5+ 1-0

[Event "CAN-ch w"]
[Site "Toronto CAN"]
[Date "2025.04.21"]
[Round "8.6"]
[White "Ruchinskaya, Valerie"]
[Black "Wang, Angela"]
[Result "1-0"]
[WhiteElo "1880"]
[BlackElo "1551"]
[WhiteFideId "-1"]
[WhiteFideId "-1"]
[PlyCount "119"]
[GameId "2170886505829888"]
[EventDate "2025.04.17"]
[EventType "swiss"]
[EventRounds "9"]
[EventCountry "CAN"]

1. d4 d6 2. e4 Nf6 3. Nc3 e5 4. dxe5 dxe5 5. Qxd8+ Kxd8 6. Nf3 Bd6 7. Bg5 Be6 8. O-O-O Nbd7 9. Nb5 Ke7 10. Nd2 Rhc8 11. Nxd6 cxd6 12. f3 Nc5 13. b3 Rab8 14. Bc4 b5 15. Bxe6 fxe6 16. Kb2 a5 17. Rhe1 h6 18. Be3 Na6 19. Bf2 a4 20. Nb1 Ra8 21. Na3 axb3 22. axb3 Nb4 23. Re2 Rcb8 24. Red2 Ne8 25. g3 Na2 26. c4 Nc3 27. Kxc3 b4+ 28. Kb2 Rxa3 29. Ra1 Rxa1 30. Kxa1 Ra8+ 31. Kb2 Nf6 32. Rd1 Rb8 33. Be1 Rb7 34. h4 h5 35. Ra1 Nd7 36. Ra5 Nc5 37. Bd2 g6 38. Ra8 Kf7 39. Rd8 Rb6 40. Ra8 Rb7 41. Kc2 Ke7 42. Be3 Nd7 43. Ra5 Kd8 44. Ra8+ Rb8 45. Ra7 Kc8 46. Bd2 Kd8 47. Ra4 Nc5 48. Rxb4 Rxb4 49. Bxb4 Kc7 50. Bxc5 dxc5 51. b4 cxb4 52. Kb3 Kc6 53. Kxb4 Kb6 54. c5+ Kc6 55. Kc4 Kc7 56. Kb5 Kb7 57. c6+ Kc8 58. Kb6 Kb8 59. c7+ Kc8 60. Kc6 1-0

[Event "CAN-ch w"]
[Site "Toronto CAN"]
[Date "2025.04.21"]
[Round "8.7"]
[White "Koop, Alison"]
[Black "Jiang, Hancy"]
[Result "1/2-1/2"]
[WhiteElo "1633"]
[BlackElo "1971"]
[WhiteFideId "-1"]
[WhiteFideId "-1"]
[PlyCount "72"]
[GameId "2174929847725903"]
[EventDate "2025.04.17"]
[EventType "swiss"]
[EventRounds "9"]
[EventCountry "CAN"]

1. d4 g6 2. e4 Bg7 3. Nc3 c6 4. Bc4 d6 5. Nf3 Nf6 6. O-O d5 7. Bd3 dxe4 8. Bxe4 Nxe4 9. Nxe4 O-O 10. c3 Nd7 11. Bf4 b6 12. Re1 Ba6 13. Qb3 Nf6 14. Rad1 Nxe4 15. Rxe4 e6 16. c4 Qc8 17. c5 Qb7 18. Bd6 Rfd8 19. Ne5 bxc5 20. Qxb7 Bxb7 21. dxc5 Bxe5 22. Rxe5 Bc8 23. Ree1 f6 24. Be7 Rxd1 25. Rxd1 Kf7 26. Bd6 e5 27. f3 Be6 28. a3 a5 29. Bc7 a4 30. Bb6 Bd5 31. Kf2 Re8 32. Re1 f5 33. g3 Kf6 34. f4 e4 35. Ke3 h6 36. Bc7 Bc4 1/2-1/2

[Event "CAN-ch w"]
[Site "Toronto CAN"]
[Date "2025.04.21"]
[Round "8.8"]
[White "Roque, Alexa"]
[Black "Zhou, Lily"]
[Result "1/2-1/2"]
[WhiteElo "1610"]
[BlackElo "1765"]
[WhiteFideId "-1"]
[WhiteFideId "-1"]
[PlyCount "60"]
[GameId "2172113258625646"]
[EventDate "2025.04.17"]
[EventType "swiss"]
[EventRounds "9"]
[EventCountry "CAN"]

1. d4 d5 2. c4 c6 3. Nc3 Nf6 4. Nf3 e6 5. Bg5 Be7 6. e3 O-O 7. cxd5 exd5 8. Bd3 Bg4 9. h3 Bh5 10. O-O Bg6 11. Bxg6 hxg6 12. Qc2 Nbd7 13. Rfe1 Re8 14. a4 a5 15. Bf4 Nf8 16. e4 dxe4 17. Nxe4 Ne6 18. Be5 Nxe4 19. Qxe4 Bd6 20. Rad1 Qc7 21. Qg4 Rad8 22. Qg3 Bxe5 23. Qxe5 Qxe5 24. Rxe5 Rd5 25. Rde1 Red8 26. Rxd5 Rxd5 27. Re4 Kf8 28. Kf1 Ke7 29. Ke2 Kd6 30. Kd3 g5 1/2-1/2

[Event "CAN-ch w"]
[Site "Toronto CAN"]
[Date "2025.04.21"]
[Round "8.9"]
[White "Kucherenko, Olena"]
[Black "Guan, Marie"]
[Result "1-0"]
[WhiteElo "2049"]
[BlackElo "1549"]
[WhiteFideId "-1"]
[WhiteFideId "-1"]
[PlyCount "39"]
[GameId "2172116641667705"]
[EventDate "2025.04.17"]
[EventType "swiss"]
[EventRounds "9"]
[EventCountry "CAN"]

1. e4 e5 2. Nc3 Nc6 3. Nf3 Nf6 4. Bb5 a6 5. Bxc6 dxc6 6. h3 Bd6 7. O-O O-O 8. d4 Bb4 9. Nxe5 Bxc3 10. bxc3 Nxe4 11. Qf3 f5 12. Qd3 Be6 13. Bf4 c5 14. f3 Qh4 15. fxe4 fxe4 16. Qxe4 g5 17. Ng6 hxg6 18. Qxg6+ Kh8 19. Be5+ Rf6 20. Bxf6# 1-0

[Event "CAN-ch w"]
[Site "Toronto CAN"]
[Date "2025.04.21"]
[Round "8.10"]
[White "Fu, Ashley"]
[Black "Starr, Nava"]
[Result "1-0"]
[WhiteElo "1535"]
[BlackElo "2048"]
[WhiteFideId "-1"]
[WhiteFideId "-1"]
[PlyCount "91"]
[GameId "2172117564037761"]
[EventDate "2025.04.17"]
[EventType "swiss"]
[EventRounds "9"]
[EventCountry "CAN"]

1. e4 d5 2. exd5 Qxd5 3. d4 c6 4. Nc3 Qd6 5. Nf3 Bg4 6. Be2 Nd7 7. Be3 Ngf6 8. Qd2 Bxf3 9. Bxf3 e5 10. O-O Be7 11. Rad1 exd4 12. Bxd4 O-O 13. Rfe1 Rfe8 14. Ne4 Nxe4 15. Bxe4 Nf6 16. Bf3 Rad8 17. Qc3 Qc7 18. h3 a5 19. a3 h6 20. Re3 c5 21. Be5 Rxd1+ 22. Bxd1 Qd7 23. Rd3 Qb5 24. Rg3 Ne4 25. Rxg7+ Kf8 26. Qf3 f6 27. Qxe4 Kxg7 28. Bh5 fxe5 29. Qg6+ Kh8 30. Qxh6+ Kg8 31. Qg6+ Kh8 32. Qxe8+ Qxe8 33. Bxe8 Kg7 34. Kf1 c4 35. a4 Bg5 36. Ke2 Bc1 37. b3 cxb3 38. cxb3 Kf6 39. g4 Kg5 40. Kf3 Bf4 41. Ke4 b6 42. Kd5 Kh4 43. Bd7 Kxh3 44. g5+ Kg2 45. g6 Bh6 46. Kxe5 1-0

[Event "CAN-ch w"]
[Site "Toronto CAN"]
[Date "2025.04.21"]
[Round "8.11"]
[White "Xiao, Stephanie"]
[Black "Fiset, Anais Chloe"]
[Result "1/2-1/2"]
[WhiteElo "1405"]
[BlackElo "1808"]
[WhiteFideId "-1"]
[WhiteFideId "-1"]
[PlyCount "79"]
[GameId "2172124621437577"]
[EventDate "2025.04.17"]
[EventType "swiss"]
[EventRounds "9"]
[EventCountry "CAN"]

1. e4 c6 2. d4 d5 3. Nc3 dxe4 4. Nxe4 Nf6 5. Nxf6+ exf6 6. c3 Bf5 7. Bd3 Bxd3 8. Qxd3 Bd6 9. Ne2 O-O 10. O-O Nd7 11. h3 Re8 12. Re1 Nf8 13. Qc2 Ne6 14. Bd2 g6 15. Rad1 Bc7 16. Bc1 Qd6 17. f4 Rad8 18. Rf1 f5 19. c4 Rd7 20. b3 Nxd4 21. Nxd4 Bb6 22. Bb2 Re4 23. Qd2 Bxd4+ 24. Bxd4 Rxd4 25. Qxd4 Qxd4+ 26. Rxd4 Rxd4 27. Rf2 Kf8 28. g3 Ke7 29. Kg2 h5 30. Re2+ Kd6 31. Kf3 Rd3+ 32. Re3 Rxe3+ 33. Kxe3 Kc5 34. a3 a5 35. Kd3 b6 36. h4 b5 37. cxb5 Kxb5 38. Kd4 f6 39. Kd3 Kc5 40. Kc3 1/2-1/2